| 000 | 01106nam a2200265Ia 4500 | ||
|---|---|---|---|
| 003 | OSt | ||
| 005 | 20220923211530.0 | ||
| 006 | a|||||r|||| 00| 0 | ||
| 007 | ta | ||
| 008 | 220922b |||||||| |||| 00| 0 hin d | ||
| 020 |
_a9789381698723 (hbk) _c500 |
||
| 024 | _a274,769 | ||
| 037 |
_b139, 04/09/2013, Eastern Book Linkers _cTextual |
||
| 040 |
_aARTS _cARTS _bhin |
||
| 041 |
_2hin _ahin |
||
| 082 | _aO15v273M, 152Q3 | ||
| 100 |
_aझा, सत्येन्द्र नाथ _9160716 |
||
| 245 | 0 |
_aमैथिल श्रोत्रियों की संस्कृत सेवा _b स्वातन्×योत्तर भारत में |
|
| 246 | _aMaithil shrotriyoan kī sanskṛut sevā: swātan×yottar bhārat mean | ||
| 260 |
_aवाराणसी _b कला प्रकाशन _c2013 |
||
| 300 |
_a160पृ. _ccm. |
||
| 650 | _aसंस्कृत साहित्य | ||
| 942 |
_hO15v273M, 152Q3 _cTEXL _2CC |
||
| 999 |
_c300513 _d300513 |
||